000 00311nam a2200133Ia 4500
005 20251222144746.0
008 251222s9999||||xx |||||||||||||| ||spa||
020 _a84-7774-129-8
082 _a371.9/V99
100 _aVygotski, Lev Semiónovic
245 0 _aObras Escogidas:
264 _bVisor
942 _cLIB
999 _c19159
_d19159